000 00650cam a2200205 4500500
005 20260329004607.0
041 _afre
042 _adc
100 1 0 _aErhard, Dominik
_eauthor
245 0 0 _aIvan Krastev : “La peur de la démondialisation pourrait consolider l’idée européenne”
260 _c2020.
500 _a6
690 _aAutoritarisme
690 _aEurope
690 _aIvan Krastev
690 _aMonde
690 _aPolitique
786 0 _nPhilosophie magazine | 141 | 8 | 2020-08-01 | p. 8-8 | 1951-1787
856 4 1 _uhttps://shs.cairn.info/magazine-philosophie-magazine-2020-8-page-8?lang=fr&redirect-ssocas=7080
999 _c1835456
_d1835456